Mannschaften - Fußball-Europameisterschaft 2008 - Statistiken

Allgemein
  • Dieses Quiz wurde 70 mal gespielt
  • Das Durchschnittsergebnis liegt bei 15 aus 16
Antwortstatistiken
Squadra % Korrekt
Deutschland
100%
Polen
100%
Portugal
100%
Spanien
100%
Griechenland
98%
Niederlande
98%
Italien
97%
Österreich
97%
Russland
97%
Schweiz
97%
Türkei
97%
Kroatien
93%
Schweden
93%
Rumänien
91%
Frankreich
90%
Tschechische Republik
45%
Keine übereinstimmenden Quizze gefunden
Verteilung der Resultate
Anzahl Personen mit jedem Resultat
Perzentil nach korrekt beantworteten Fragen
Ihre Resultats-Entwicklung
Sie haben dieses Quiz noch nicht gespielt